000 00611 a2200193 4500
999 _c4709
_d4709
020 _a9781485109730
050 0 0 _aKTL 709 VAN 2016
100 1 _aVan der Walt, A. J.
_eauthor
245 1 4 _aThe law of servitudes /
_cA.J. van der Walt
264 1 _aClaremont,Cape Town:
_bJuta,
_c2016
300 _a649p.:
500 _aIncludes bibliographical references and index.
504 _aIncludes bibliographical references and index.
650 0 _aServitudes
651 7 _aSouth Africa.
700 1 _aVliet, Lars Peter Wunibald van.
_eeditor
700 1 _aPienaar, Gerrit,
_eeditor
942 _2lcc
_cBK
_h709
_iVAN
_kKTL